00273nam a2200109Ia 4500008004100000082001500041100002000056245004200076250000800118260002900126300000800155150301s2013 xx 000 0 und d a648.5bAND aANDREWS, SUDHIR aHOTEL HOUSEKEEPING: A TRAINING MANUAL a3RD bMC. GREW HILL EDU.c2013 a334